| 000 | 01743nam a2200421 i 4500 | ||
|---|---|---|---|
| 001 | 197731 | ||
| 003 | SpMaBN | ||
| 005 | 20250828063307.0 | ||
| 008 | 250712s2023 sp | |||| 001 0 spa | ||
| 015 | _aMON23 | ||
| 017 |
_aM 31832-2023 _bOficina Depósito Legal Madrid |
||
| 020 | _a9788419896414 | ||
| 035 | _a(SpMaBN)a7404214 | ||
| 040 |
_aSpMaBN _bspa _cSpMaBN _erda |
||
| 080 | _a174:659.2-051:35 | ||
| 080 | _a347.56:659.2-051:35 | ||
| 080 | _a659.2-051:35(460) | ||
| 100 | 1 |
_aPena Lasso, Juan María _9241283 _eaut |
|
| 245 | 1 | 0 |
_aDeontología y responsabilidad profesional de los gestores administrativos / _ceditada por iniciativa y bajo la coordinación de Francis Lefebvre ; [autor], Juan María Pena Lasso, abogado. |
| 250 | _aFecha de edición: 23 de octubre de 2023 | ||
| 250 | _aEdición especial | ||
| 264 | 1 |
_aMadrid : _bLefebvre-El Derecho, S.A., _c2023. |
|
| 300 |
_a334 páginas ; _c24 cm. |
||
| 336 |
_aTexto _2rdacontent |
||
| 337 |
_asin mediación _2rdamedia |
||
| 338 |
_avolumen _2rdacarrier |
||
| 490 | 0 | _aMemento experto Francis Lefebvre | |
| 500 | _aÍndice | ||
| 650 | 0 |
_aGestores administrativos- _xMoral profesional _2embne _9241284 |
|
| 650 | 0 |
_aGestores administrativos- _xResponsabilidad profesional _2embne _9241285 |
|
| 650 | 0 |
_aGestores administrativos- _xEstatuto jurídico- _zEspaña _2embne _9241286 |
|
| 710 | 2 |
_aEdiciones Francis Lefebvre _4isb _9158696 |
|
| 852 |
_aES-MaACL _cDEPOJ _jN-10572 _xEncuadernación rústica con solapas _9206695 _hDonación: Editorial |
||
| 942 |
_cMONOGRAFIA _n0 |
||
| 999 |
_c197731 _d197731 |
||